[Event "JI GADIJ"]
[Site "SchemingMind.com"]
[Date "2023.09.02"]
[Round "-"]
[White "Phillip Beckett"]
[Black "Steven DuCharme"]
[Result "1/2-1/2"]
[WhiteCountry "ENG"]
[BlackCountry "USA"]
[WhiteElo "1499"]
[WhiteRD "51"]
[BlackElo "1565"]
[BlackRD "64"]
[GameID "736941"]

1. e4 c6 2. d4 d5 3. Nc3 dxe4 4. Nxe4 h6 5. Nf3 Bf5 6. Ng3 Bh7 7. c3 Nf6 8. Bd3 Bxd3 9. Qxd3 Nbd7 10. O-O g6
11. Be3 Bg7 12. Rfe1 O-O 13. Qd2 Kh7 14. h3 Re8 15. Nh2 e5 16. dxe5 Nxe5 17. Qxd8 Rexd8 18. Nf3 Nxf3+ 19. gxf3 Nd5 20. Ne4 Nxe3
21. fxe3 b6 22. Rad1 Rd5 23. Nf2 Rad8 24. Rxd5 Rxd5 25. Rd1 f5 26. Rxd5 cxd5 27. e4 d4 28. cxd4 Bxd4 29. b3 fxe4 30. fxe4 Kg7
31. Kf1 Bxf2 32. Kxf2 Kf6 33. Kf3 Ke5 34. Ke3 g5 35. b4 a6 36. a4 h5 37. Kf3 g4+ 38. hxg4 hxg4+ 39. Kxg4 Kxe4 40. Kg5 Kd4
41. Kf5 Kc4 42. b5 a5 43. Ke5 Kb4 44. Kd5 Kxa4 45. Kc6 Kb4 46. Kxb6 a4 47. Kc6 a3 48. b6 a2 49. b7 Kc4 50. b8=Q a1=Q
51. Qb5+ Kd4 52. Qd5+ Ke3=
1/2-1/2

[Event "JI GADIJ"]
[Site "SchemingMind.com"]
[Date "2023.09.30"]
[Round "-"]
[White "Phillip Beckett"]
[Black "ienybr"]
[Result "0-1"]
[WhiteCountry "ENG"]
[BlackCountry "USA"]
[WhiteElo "1575"]
[WhiteRD "52"]
[BlackElo "2317"]
[BlackRD "103"]
[GameID "737721"]

1. e4 e5 2. Nf3 Nc6 3. Bb5 Nf6 4. O-O Nxe4 5. Qe2 Nd6 6. Bxc6 dxc6 7. Nxe5 Be7 8. d4 O-O 9. c3 Re8 10. Nd2 Bf8
11. Qh5 f6 12. Nef3 b6 13. Nb3 g6 14. Qh4 Re4 15. Qg3 Nf5 16. Qh3 Nxd4 17. Qg3 Ne2+
0-1

[Event "JI GADIJ"]
[Site "SchemingMind.com"]
[Date "2023.09.30"]
[Round "-"]
[White "ienybr"]
[Black "Phillip Beckett"]
[Result "1-0"]
[WhiteCountry "USA"]
[BlackCountry "ENG"]
[WhiteElo "2317"]
[WhiteRD "103"]
[BlackElo "1575"]
[BlackRD "52"]
[GameID "737722"]

1. d4 d5 2. c4 e6 3. Nf3 Nf6 4. g3 c6 5. Bg2 Nbd7 6. O-O Be7 7. b3 O-O 8. Bb2 dxc4 9. bxc4 Re8 10. a4 Bf8
11. Nbd2 Bd6 12. c5 Bc7 13. Nc4 e5 14. dxe5 Nxe5 15. Nfxe5 Qxd1 16. Rfxd1 Bxe5 17. Bxe5 Be6 18. Nd6 Red8 19. Nxb7 Rxd1+ 20. Rxd1 Bd5
21. Bxf6 gxf6 22. Bxd5 cxd5 23. Nd6 Kf8 24. c6 Ke7 25. Rxd5 Rd8 26. c7
1-0

[Event "JI GADIJ"]
[Site "SchemingMind.com"]
[Date "2023.12.19"]
[Round "-"]
[White "Kenny Elliott"]
[Black "eliecercruzr"]
[Result "0-1"]
[WhiteCountry "USA"]
[BlackCountry "CUB"]
[WhiteElo "1455"]
[WhiteRD "84"]
[BlackElo "2292"]
[BlackRD "59"]
[GameID "740341"]

1. d4 Nf6 2. Nc3 d5 3. Nf3 e6 4. e4 dxe4 5. Bg5 exf3 6. Qxf3 Qxd4 7. Bxf6 Qxf6 8. Qxf6 gxf6 9. O-O-O f5 10. Bc4 a6
11. Rd3 b5 12. Bb3 c5 13. Rd2 c4 14. Rhd1 cxb3 15. Rd8+ Ke7 16. Rxc8 Bh6+
0-1

[Event "JI GADIJ"]
[Site "SchemingMind.com"]
[Date "2023.12.19"]
[Round "-"]
[White "eliecercruzr"]
[Black "Kenny Elliott"]
[Result "1-0"]
[WhiteCountry "CUB"]
[BlackCountry "USA"]
[WhiteElo "2292"]
[WhiteRD "59"]
[BlackElo "1455"]
[BlackRD "84"]
[GameID "740342"]

1. e4 c5 2. Nf3 d6 3. d4 cxd4 4. Nxd4 e5 5. Bb5+ Bd7 6. Bxd7+ Nxd7 7. Nf5 g6 8. Nxd6+ Bxd6 9. Qxd6 f6 10. Be3 Ne7
11. Nc3 Nb6 12. Qxf6 Rf8 13. Qxe5 Nc4 14. Qb5+ Nc6 15. Qxc4 Rc8 16. Qe6+ Ne7 17. Rd1 Qc7 18. Nd5
1-0

[Event "JI GADIJ"]
[Site "SchemingMind.com"]
[Date "2023.12.21"]
[Round "-"]
[White "Derek Price"]
[Black "Raymond de Kemp"]
[Result "1-0"]
[WhiteCountry "ENG"]
[BlackCountry "NED"]
[WhiteElo "2345"]
[WhiteRD "69"]
[BlackElo "1819"]
[BlackRD "65"]
[GameID "740400"]

1. c4 f5 2. g3 Nf6 3. Bg2 g6 4. Nf3 Bg7 5. O-O O-O 6. Nc3 d6 7. d4 c6 8. Re1 Na6 9. b3 Qc7 10. e4 Nxe4
11. Nxe4 fxe4 12. Rxe4 Bf5 13. Re2 e5 14. dxe5 dxe5 15. Ng5 e4 16. Bf4 Qc8 17. Rc1 Rd8 18. Qf1 Nc5 19. Nxe4 Nd3 20. Nd6 Qd7
21. Nxf5 Qxf5 22. Be4 Qf8 23. Bxd3 Rxd3 24. Rce1 Bc3 25. Re3 Rxe3 26. Rxe3 Bd4 27. Re4 Rd8 28. Qe2 Bc5 29. Bg5 Rc8 30. Be7 Bxe7
31. Rxe7 b5 32. Qe6+ Kh8 33. Rf7
1-0

[Event "JI GADIJ"]
[Site "SchemingMind.com"]
[Date "2023.12.21"]
[Round "-"]
[White "Raymond de Kemp"]
[Black "Derek Price"]
[Result "0-1"]
[WhiteCountry "NED"]
[BlackCountry "ENG"]
[WhiteElo "1853"]
[WhiteRD "66"]
[BlackElo "2373"]
[BlackRD "71"]
[GameID "740401"]

1. d4 d5 2. Bf4 Nf6 3. e3 e6 4. Nf3 Bd6 5. Bg3 O-O 6. Nbd2 c5 7. c3 Qc7 8. Bd3 Nbd7 9. O-O e5 10. dxe5 Nxe5
11. Nxe5 Bxe5 12. Bxe5 Qxe5 13. h3 b6 14. Nf3 Qe7 15. a4 a5 16. Re1 Bb7 17. b3 Rfd8 18. Qc2 h6 19. Nd2 Rd6 20. f3 Rad8
21. Nf1 Bc6 22. Ng3 Re6 23. Nf5 Qf8 24. Qf2 g6 25. Nh4 Qe7 26. g4 Nd7 27. f4 Re8 28. Ng2 c4 29. bxc4 Nc5 30. Bc2 dxc4
31. f5 gxf5 32. gxf5 Rd6 33. Nf4 Nd3 34. Nxd3 cxd3 35. Bb3 d2 36. Re2 Qe5 37. Rd1 Kh8 38. Kf1 Rf6 39. Qh4 Qxf5+ 40. Rf2 Qd3+
41. Kg1 Rg8+ 42. Kh2 Qd6+
0-1

[Event "JI GADIJ"]
[Site "SchemingMind.com"]
[Date "2024.04.03"]
[Round "-"]
[White "eliecercruzr"]
[Black "Derek Price"]
[Result "*"]
[WhiteCountry "CUB"]
[BlackCountry "ENG"]
[WhiteElo "2313"]
[WhiteRD "60"]
[BlackElo "2373"]
[BlackRD "71"]
[GameID "743551"]

1. e4 c5 2. c3 Nf6 3. e5 Nd5 4. Nf3 Nc6 5. Bc4 Nb6 6. Bb3 c4 7. Bc2 Qc7 8. O-O Nxe5 9. Nxe5 Qxe5 10. Re1 Qc7
11. a4 e6 12. d3 cxd3 13. Qxd3 Be7 14. Na3 a6 15. a5 Nd5 16. Bb3
*

[Event "JI GADIJ"]
[Site "SchemingMind.com"]
[Date "2024.04.03"]
[Round "-"]
[White "Derek Price"]
[Black "eliecercruzr"]
[Result "*"]
[WhiteCountry "ENG"]
[BlackCountry "CUB"]
[WhiteElo "2373"]
[WhiteRD "71"]
[BlackElo "2313"]
[BlackRD "60"]
[GameID "743552"]

1. c4 c5 2. Nf3 Nf6 3. Nc3 Nc6 4. g3 e5 5. Bg2 d6 6. O-O Be7 7. d3 O-O 8. a3 h6 9. Rb1 a6 10. Nd2 Be6
11. Nd5 Rb8 12. b3 Qd7 13. Bb2 Bg4 14. f3 Bf5 15. e4 Bh3
*